000 00867nam a2200241 i 4500
001 bg
100 1 _aOGONOWSKI, Jan
245 1 0 _aOtrzymywanie surowców do produkcji tworzyw poliestrowych, poliamidowych i poliuretanów /
_cJan Ogonowski ; Politechnika Krakowska im. Tadeusza Kościuszki.
260 _aKraków :
_bPK,
_c1995.
300 _a96 s. :
_brys. ;
_c24 cm.
490 1 _aPomoce Dydaktyczne / Politechnika Krakowska im. Tadeusza Kościuszki
504 _aBibliogr. s. 96.
650 9 _aPolimery
_xtechnologia
650 9 _aTworzywa sztuczne
_xtechnologia
650 9 _aTechnologia chemiczna
655 _aPodręczniki akademickie
830 0 _aPomoce Dydaktyczne (Politechnika Krakowska im. Tadeusza Kościuszki)
040 _cBPK
041 _apol
080 _a66.01:678.5/.7(075.8)
942 _cKS
008 s pl f |000 0 pol
999 _c6899
_d6899
856 _uhttp://koha.tu.koszalin.pl/cgi-bin/koha/opac-detail.pl?biblionumber=6899
_yKatalog online BPK